Disney: Comédiens de Doublage - Statistiques

Statistiques générales
  • Ce quiz a été pris 117 fois
  • Le résultat moyen est 9 sur 18
Statistiques - réponses
Film Rôle Comédien % Correct
La Reine des Neiges Elsa Anaïs Delva
80%
La Reine des Neiges Olaf Dany Boon
80%
Les Mondes de Ralph Vaneloppe Dorothée Pousseo
76%
Toy Story Buzz L'Eclair Richard Darbois
75%
Le Roi Lion Simba (Adulte) Emmanuel Curtil
72%
Les Mondes de Ralph Felix Fix Jr. Donald Reignoux
57%
Monstres et Cie Bob Razowski Eric Metayer
56%
Vaïana, La Légende du Bout du Monde Maui Anthony Kavanagh
54%
La Petite Sirène (Premier Doublage) Ariel Claire Guyot
51%
La Petite Sirène (Premier Doublage) Sébastien Henri Salvador
48%
Les Aventures de Winnie l'Ourson Winnie L'Ourson Roger Carrel
48%
Pirates des Caraïbes Jack Sparrow Bruno Choël
47%
Vaïana, La Légende du Bout du Monde Vaïana Cerise Calixte
40%
Raiponce Raiponce Maéva Meline
35%
Raiponce Mère Gothel Isabelle Adjani
29%
La Reine des Neiges 2 Elsa Charlotte Hervieux
28%
Zootopie Nick Wilde Alexis Victor
26%
Toy Story 2 Jessie Barbara Tessier
13%
Aucun quiz correspondant
Distribution des résultats
% des personnes avec chaque résultat
Percentile par nombre de réponses
Votre historique - résultats
Vous n’avez pas pris ce quiz